Countries with Navigation Satellite Systems - Statistics

General Stats
  • This quiz has been taken 23 times
  • The average score is 6 of 6
Answer Stats
GPS System Answer % Correct
BEI-DUO China
100%
GPS United States
100%
QZSS* Japan
94%
GLONASS Russia
94%
GALILEO European Union
88%
IRNSS* India
88%
No matching quizzes found
Score Distribution
Percent of People with Each Score
Percentile by Number Answered
Your Score History
You have not taken this quiz